000 01087nam a22003617a 4500
001 4786760
003 OSt
005 20210416111414.0
008 870721t19871986nyuab b 001 0 eng
010 _a 87021962
020 _a0941533069 (pbk.)
040 _aDLC
_cDLC
_dDLC
_beng
041 _aeng
043 _ae-uk-st
050 0 0 _aTP605
_b.M33 1987
080 _a663.2
_bM-44
082 0 0 _a641.2/52/09411
_219
100 1 _aMcDowall, R. J. S.
_q(Robert John Stewart),
_d1892-
245 1 4 _aThe whiskies of Scotland /
_cR.J.S. McDowall.
_b/ by: New Amsterdam
250 _a4th edition
_brevised by William Waugh.
260 _aNew York
_bNew Amsterdam
_c[1987], c1986.
300 _a184 p.
_bill., maps
_c22 cm.
365 _b9.95 usd
500 _aIncludes index.
504 _aBibliography: p. [176]-177.
650 0 _aWhiskey
_zScotland.
650 0 _aWine Making
_9729
653 _aმეღვინეობა
653 _aვისკი
700 1 _aWaugh, William.
_eEditor
906 _a7
_bcbc
_corignew
_d1
_eocip
_f19
_gy-gencatlg
942 _2udc
_cBK
_e4
999 _c1981
_d1981